| 000 | 00610nam a2200193Ia 4500 | ||
|---|---|---|---|
| 008 | 120911t2001 xxu||||| |||| 00| 0 sin d | ||
| 041 | _asin | ||
| 080 |
_a8-31 (eng) _bKUP |
||
| 100 | _aKupar,James Penimor | ||
| 245 | _aඅන්තිම මොහිකන් ගෝත්රිකයා | ||
| 246 | _aAnthima Mohikan Gothrikaya | ||
| 260 |
_aWijesuriya _aMulleriyawa _c2001 |
||
| 300 | _b68p, 21 cm | ||
| 500 | _aSinhalese Translation Of J.P Kupar's of The Last Of The Mahicans | ||
| 700 |
_aNishshanka,Gunathilaka _etr. |
||
| 942 | _cBK | ||
| 999 |
_c43119 _d43119 |
||
| 003 | LK-CoDNM | ||
| 040 |
_aLK-CoDNM _dLK-CoDNM _eLK-CoDNM |
||